| 000 | 00915nam a22002775i 4500 | ||
|---|---|---|---|
| 001 | 13147 | ||
| 003 | ES-MaACL | ||
| 005 | 20240528121600.0 | ||
| 007 | t| | ||
| 008 | 940912s1994 sp ||||0| spa j | ||
| 020 | _a84-88617-00-3 | ||
| 040 |
_aM-BN _bspa _cM-BN |
||
| 080 | _a860 Roldán, Mariano 1.06 | ||
| 100 | 1 |
_aDurañona, Marina. _946278 |
|
| 245 | 1 | 3 |
_aLa poesía de Mariano Roldán o La autenticidad del hombre nuevo / _cMarina Durañona. |
| 250 | _a1ª ed. | ||
| 260 |
_aRute : _bAnfora, _c1994. |
||
| 300 |
_a205 p. : _b1 retr. ; _c20 cm. |
||
| 490 | 1 |
_aAnfora nova. Serie Ensayo ; _v1 |
|
| 504 | _aBibliografía: p. 201-202. | ||
| 600 | 0 | 4 |
_aRoldán, Mariano, _d1932-2019- _xCrítica e interpretación _999140 |
| 830 | 0 |
_aÁnfora Nova. Serie Ensayo _v1 _9228388 |
|
| 852 |
_aES-MaACL _jL-20546 _bR.123807 |
||
| 852 |
_aES-MaACL _jL-22973 _bR.123084 |
||
| 999 |
_c13147 _d13147 |
||